Operating Systems /

Salvato in:
Dettagli Bibliografici
Autore principale: Crowley, Charles.
Natura: Sách giấy
Lingua:English
Pubblicazione: Chicago : Irwin, 1997.
Tags: Aggiungi Tag
Nessun Tag, puoi essere il primo ad aggiungerne! !
Thư viện lưu trữ: Thư viện Trường Đại học Đà Lạt
LEADER 00592nam a2200265 4500
001 DLU020000134
005 ##19980511
020 # # |a 0-256-15151-2 
040 # # |a DLU  |b vie 
041 # # |a eng 
044 # # |a us 
082 # # |a 005.43  |b CR-C 
100 # # |a Crowley, Charles. 
245 # # |a Operating Systems /  |c Charles Crowley.  
260 # # |a Chicago :  |b Irwin,  |c 1997. 
300 # # |a xx, 844 tr. ;  |c 24 cm. 
992 # # |a 295200 
994 # # |a DLU 
900 # # |a False 
911 # # |a Administrator 
925 # # |a G 
926 # # |a A 
927 # # |a SH 
980 # # |a Thư viện Trường Đại học Đà Lạt